[Event "LSS WC-2010-T-00002"]
[Site "LSS email"]
[Date "2009.06.12"]
[Round "?"]
[White "Grafen, Denis"]
[Black "Starke, Rene Reiner"]
[Result "0-1"]
[WhiteElo "2372"]
[BlackElo "2365"]
[PlyCount "22"]
[EventDate "2009.06.17"]
[EventType "tourn (corr)"]
[EventRounds "12"]
[EventCountry "GER"]
[SourceTitle "Corr 2022"]
[Source "ChessBase"]
[SourceDate "2021.10.24"]
[SourceVersion "1"]
[SourceVersionDate "2021.10.24"]
[SourceQuality "1"]

1. e4 e6 2. d4 d5 3. Nc3 Nf6 4. Bg5 Be7 5. e5 Nfd7 6. h4 Bxg5 7. hxg5 Qxg5 8. Qd3 g6 9. Nf3 Qe7 10. 0-0-0 a6 11. Qe3 c5 0-1

[Event "LSS WC-2010-T-00002"]
[Site "LSS email"]
[Date "2009.06.12"]
[Round "?"]
[White "Petrov, Milen Stoyanov"]
[Black "Grafen, Denis"]
[Result "0-1"]
[WhiteElo "2407"]
[BlackElo "2314"]
[PlyCount "21"]
[EventDate "2009.06.17"]
[EventType "tourn (corr)"]
[EventRounds "12"]
[EventCountry "GER"]
[SourceTitle "Corr 2013"]
[Source "ChessBase"]
[SourceDate "2012.11.12"]
[SourceVersion "1"]
[SourceVersionDate "2012.11.12"]
[SourceQuality "1"]
[WhiteTeam "US of America"]
[BlackTeam "US of America"]
[WhiteTeamCountry "USA"]
[BlackTeamCountry "USA"]

1. d4 d5 2. c4 c6 3. Nf3 Nf6 4. e3 e6 5. b3 c5 6. Bb2 cxd4 7. exd4 Nc6 8. Bd3 Bb4+ 9. Nbd2 Ne4 10. 0-0 f5 11. a3 0-1

[Event "LSS WC-2008-F-00002"]
[Site "LSS email"]
[Date "2008.11.12"]
[Round "?"]
[White "Grafen, Denis"]
[Black "Evans, Gordon R"]
[Result "1/2-1/2"]
[WhiteElo "2372"]
[BlackElo "2339"]
[PlyCount "61"]
[EventDate "2008.11.12"]
[EventType "tourn (corr)"]
[EventRounds "10"]
[EventCountry "GER"]
[SourceTitle "Corr 2011"]
[Source "ChessBase"]
[SourceDate "2010.08.31"]
[SourceVersion "1"]
[SourceVersionDate "2010.08.31"]
[SourceQuality "1"]

1. e4 c5 2. Nf3 d6 3. d4 cxd4 4. Nxd4 Nf6 5. Nc3 g6 6. Be3 Bg7 7. f3 0-0 8. Qd2 Nc6 9. 0-0-0 d5 10. exd5 Nxd5 11. Nxc6 bxc6 12. Nxd5 cxd5 13. Qxd5 Qc7 14. Qc5 Qb7 15. Qa3 Bf5 16. Bd3 Rab8 17. b3 Qc6 18. Qa5 Qf6 19. Bxf5 Qb2+ 20. Kd2 gxf5 21. Ke2 Rfc8 22. Rc1 Rxc2+ 23. Rxc2 Qxc2+ 24. Qd2 Qc7 25. Bf4 e5 26. Rc1 Qb7 27. Bg5 h6 28. Be3 f4 29. Bf2 e4 30. Qxf4 exf3+ 31. Qxf3 1/2-1/2

[Event "LSS WC-2008-F-00002"]
[Site "LSS email"]
[Date "2008.11.12"]
[Round "?"]
[White "Grafen, Denis"]
[Black "Perez, Brigiliano"]
[Result "1/2-1/2"]
[WhiteElo "2372"]
[BlackElo "2389"]
[PlyCount "64"]
[EventDate "2008.11.12"]
[EventType "tourn (corr)"]
[EventRounds "10"]
[EventCountry "GER"]
[SourceTitle "Corr 2011"]
[Source "ChessBase"]
[SourceDate "2010.08.31"]
[SourceVersion "1"]
[SourceVersionDate "2010.08.31"]
[SourceQuality "1"]

1. d4 Nf6 2. c4 e6 3. Nc3 Bb4 4. e3 0-0 5. Bd3 d5 6. Nf3 c5 7. 0-0 Nc6 8. a3 Bxc3 9. bxc3 Qc7 10. Bb2 dxc4 11. Bxc4 e5 12. h3 Bf5 13. Qe2 Rad8 14. Rfd1 h6 15. Bb5 e4 16. Nd2 Bg6 17. Nc4 Bh5 18. g4 Bg6 19. a4 h5 20. Bxc6 Qxc6 21. Ne5 Qe6 22. c4 hxg4 23. hxg4 Nh7 24. dxc5 Ng5 25. Rxd8 Rxd8 26. Kf1 f6 27. Nxg6 Nf3 28. Rd1 Rd7 29. Rxd7 Qxd7 30. c6 bxc6 31. Nf4 Qxg4 32. Qd1 Nh2+ 1/2-1/2

[Event "LSS WC-2008-F-00002"]
[Site "LSS email"]
[Date "2008.11.12"]
[Round "?"]
[White "Grafen, Denis"]
[Black "Starke, Rene Reiner"]
[Result "1/2-1/2"]
[WhiteElo "2372"]
[BlackElo "2353"]
[PlyCount "85"]
[EventDate "2008.11.12"]
[EventType "tourn (corr)"]
[EventRounds "10"]
[EventCountry "GER"]
[SourceTitle "Corr 2022"]
[Source "ChessBase"]
[SourceDate "2021.10.24"]
[SourceVersion "1"]
[SourceVersionDate "2021.10.24"]
[SourceQuality "1"]

1. d4 d5 2. c4 c6 3. Nf3 Nf6 4. Nc3 e6 5. Bg5 h6 6. Bxf6 Qxf6 7. e3 Nd7 8. Bd3 dxc4 9. Bxc4 g6 10. 0-0 Bg7 11. Qc2 0-0 12. Ne4 Qe7 13. Bb3 e5 14. Nc3 Kh7 15. Rad1 f5 16. d5 e4 17. Nd4 Ne5 18. Nce2 Nd3 19. dxc6 bxc6 20. Nf4 Nxf4 21. exf4 Bd7 22. Nxc6 Bxc6 23. Qxc6 Rfd8 24. Qc2 Bd4 25. g3 a5 26. Kg2 Qb7 27. Kh3 Rac8 28. Qe2 Rd6 29. Bc4 Rcd8 30. b3 Qe7 31. Rd2 Kg7 32. Rfd1 g5 33. fxg5 hxg5 34. Kg2 g4 35. Kf1 Qf6 36. Bb5 Qh6 37. Qc4 Qxh2 38. Rxd4 Qh1+ 39. Ke2 Qf3+ 40. Ke1 Qh1+ 41. Ke2 Qf3+ 42. Kf1 Qh1+ 43. Ke2 1/2-1/2

[Event "GER-chT LG-1 email"]
[Site "GER email"]
[Date "2007.10.25"]
[Round "?"]
[White "Seeger, Werner"]
[Black "Grafen, Denis"]
[Result "1/2-1/2"]
[WhiteElo "2000"]
[BlackElo "2218"]
[PlyCount "64"]
[EventDate "2007.??.??"]
[EventType "tourn (corr)"]
[EventRounds "8"]
[EventCountry "GER"]
[SourceTitle "Corr 2011"]
[Source "ChessBase"]
[SourceDate "2010.08.31"]
[SourceVersion "1"]
[SourceVersionDate "2010.08.31"]
[SourceQuality "1"]

1. e4 e5 2. Nf3 Nc6 3. Bb5 a6 4. Ba4 Nf6 5. 0-0 Be7 6. Re1 b5 7. Bb3 d6 8. c3 0-0 9. h3 Na5 10. Bc2 c5 11. d4 Qc7 12. Nbd2 cxd4 13. cxd4 Nc6 14. Nb3 a5 15. Be3 a4 16. Nbd2 Qb7 17. Rc1 Bd7 18. Qe2 Rfc8 19. Bd3 a3 20. bxa3 Rxa3 21. Bxb5 exd4 22. Nxd4 Nxd4 23. Rxc8+ Qxc8 24. Bxd4 Rxa2 25. Bxd7 Nxd7 26. Qg4 g6 27. Nf3 Rc2 28. e5 dxe5 29. Nxe5 Nxe5 30. Qxc8+ Rxc8 31. Bxe5 f6 32. Bd4 Kf7 1/2-1/2

[Event "IECG TE.2004.F.01400 email"]
[Site "IECG email"]
[Date "2007.02.08"]
[Round "?"]
[White "Grafen, Denis"]
[Black "Migliorini, Roberto"]
[Result "0-1"]
[WhiteElo "2381"]
[BlackElo "2073"]
[PlyCount "52"]
[EventDate "2007.02.07"]
[EventType "tourn (corr)"]
[EventRounds "14"]
[SourceTitle "Corr 2024"]
[Source "ChessBase"]
[SourceDate "2023.10.19"]
[SourceVersion "1"]
[SourceVersionDate "2023.10.19"]
[SourceQuality "1"]

1. d4 Nf6 2. c4 e6 3. Nc3 Bb4 4. f3 d5 5. a3 Bxc3+ 6. bxc3 c5 7. cxd5 Nxd5 8. dxc5 Qa5 9. e4 Ne7 10. Be3 0-0 11. Qb3 Qc7 12. Bb5 Nec6 13. Nh3 Na5 14. Qa4 a6 15. Be2 e5 16. Rb1 Bxh3 17. gxh3 Nd7 18. Qb4 Rfc8 19. c6 bxc6 20. 0-0 c5 21. Qa4 Nb7 22. Qb3 Ra7 23. Rfd1 Rb8 24. Kg2 Raa8 25. h4 h6 26. Bf1 a5 0-1

[Event "GER KF-33 Class1 B4 email"]
[Site "GER email"]
[Date "2007.??.??"]
[Round "?"]
[White "Kamp, Silvia"]
[Black "Grafen, Denis"]
[Result "1-0"]
[WhiteElo "2133"]
[BlackElo "1920"]
[PlyCount "165"]
[EventDate "2007.??.??"]
[EventType "tourn (corr)"]
[EventRounds "6"]
[EventCountry "GER"]
[SourceTitle "Corr 2008"]
[Source "ChessBase"]
[SourceDate "2008.06.24"]
[SourceVersion "1"]
[SourceVersionDate "2008.06.24"]
[SourceQuality "1"]

1. d4 Nf6 2. c4 e6 3. Nc3 Bb4 4. e3 0-0 5. Bd3 d5 6. Nf3 c5 7. 0-0 dxc4 8. Bxc4 Nbd7 9. Qe2 b6 10. d5 Bxc3 11. dxe6 Ba5 12. exd7 Qxd7 13. Rd1 Qe7 14. e4 Bg4 15. e5 Rae8 16. Bb5 Qxe5 17. Qxe5 Rxe5 18. Nxe5 Bxd1 19. Bg5 Bc2 20. Nc6 h6 21. Bxf6 gxf6 22. Rc1 Bg6 23. Nxa5 bxa5 24. Rxc5 Rd8 25. f4 Rd1+ 26. Kf2 Bb1 27. Ke2 Rd4 28. Bc4 Rxf4 29. g3 Re4+ 30. Kd2 f5 31. Bd5 Rd4+ 32. Ke3 Rd3+ 33. Ke2 a4 34. Bxf7+ Kg7 35. Rc7 Kf6 36. Rxa7 Rd8 37. b4 Rc8 38. Ke3 Rc2 39. a3 Rxh2 40. Bd5 Rc2 41. Rxa4 Ke5 42. Bf3 Rc3+ 43. Kf2 Be4 44. Bxe4 fxe4 45. b5 Kd5 46. Rb4 Rf3+ 47. Kg2 Rxa3 48. b6 Ra2+ 49. Kf1 Ra1+ 50. Ke2 Ra2+ 51. Kd1 Ra1+ 52. Kc2 Ra2+ 53. Kb3 Ra8 54. b7 Rb8 55. Kc3 e3 56. Kd3 Kc6 57. Kxe3 Kc7 58. Kf4 Rf8+ 59. Kg4 Kb8 60. Rb6 Rg8+ 61. Kh4 h5 62. Rb5 Rg4+ 63. Kh3 Rg7 64. Rxh5 Kxb7 65. Rc5 Rh7+ 66. Kg4 Rg7+ 67. Kf4 Kb6 68. Rc3 Rf7+ 69. Ke5 Rg7 70. Kf5 Rf7+ 71. Kg6 Rf8 72. g4 Rg8+ 73. Kf5 Rf8+ 74. Ke6 Re8+ 75. Kf7 Re5 76. Kf6 Rd5 77. g5 Rd6+ 78. Ke5 Rg6 79. Kf5 Rg8 80. g6 Rf8+ 81. Ke6 Rf2 82. g7 Rg2 83. Kf7 1-0

[Event "IECG CP.2003.S.00005 email"]
[Site "IECG email"]
[Date "2006.04.01"]
[Round "?"]
[White "Raffaele, Enzo"]
[Black "Grafen, Denis"]
[Result "1-0"]
[WhiteElo "2253"]
[BlackElo "2410"]
[PlyCount "37"]
[EventDate "2006.04.01"]
[EventType "tourn (corr)"]
[EventRounds "6"]
[EventCountry "USA"]
[SourceTitle "Corr 2008"]
[Source "ChessBase"]
[SourceDate "2008.06.24"]
[SourceVersion "1"]
[SourceVersionDate "2008.06.24"]
[SourceQuality "1"]

1. e4 c5 2. Nf3 d6 3. d4 cxd4 4. Nxd4 Nf6 5. Nc3 a6 6. Bg5 e6 7. f4 Qb6 8. Qd2 Qxb2 9. Nb3 Qa3 10. Bxf6 gxf6 11. Be2 Nc6 12. 0-0 Bd7 13. Kh1 Rc8 14. Nd1 Be7 15. Ne3 b5 16. c4 Qb4 17. Qd3 Na5 18. Nxa5 Qxa5 19. f5 1-0

[Event "IECG WC.2006.T.00003 email"]
[Site "IECG email"]
[Date "2006.02.07"]
[Round "?"]
[White "Grafen, Denis"]
[Black "Baklanov, Valentin Petrovich"]
[Result "1/2-1/2"]
[WhiteElo "2415"]
[BlackElo "2357"]
[PlyCount "75"]
[EventDate "2006.02.07"]
[EventType "tourn (corr)"]
[EventRounds "6"]
[SourceTitle "Corr 2008"]
[Source "ChessBase"]
[SourceDate "2008.06.24"]
[SourceVersion "1"]
[SourceVersionDate "2008.06.24"]
[SourceQuality "1"]

1. d4 d5 2. c4 c6 3. Nf3 Nf6 4. Nc3 a6 5. c5 Nbd7 6. Bf4 Nh5 7. Bd2 Nhf6 8. Qc2 g6 9. Bg5 Bg7 10. e3 0-0 11. Be2 Re8 12. 0-0 e5 13. Bh4 exd4 14. exd4 Nf8 15. Bd3 Ne6 16. Rfe1 Nf4 17. Rxe8+ Qxe8 18. Re1 Qd8 19. Bf1 Bf5 20. Qd1 Bg4 21. Qd2 Nh3+ 22. gxh3 Bxf3 23. Na4 Be4 24. Nb6 Ra7 25. Qf4 a5 26. Qd6 Qf8 27. Bg3 a4 28. Qc7 Bf5 29. Bg2 h6 30. h4 h5 31. a3 Kh8 32. Be5 Kh7 33. Re3 Ng4 34. Bd6 Qg8 35. Re7 Nh6 36. Be5 g5 37. Kh1 gxh4 38. h3 1/2-1/2

[Event "IECG WC.2006.T.00003 email"]
[Site "IECG email"]
[Date "2006.02.07"]
[Round "?"]
[White "Grafen, Denis"]
[Black "Sukhov, Nick"]
[Result "1-0"]
[WhiteElo "2415"]
[BlackElo "2376"]
[PlyCount "41"]
[EventDate "2006.02.07"]
[EventType "tourn (corr)"]
[EventRounds "6"]
[SourceTitle "Corr 2008"]
[Source "ChessBase"]
[SourceDate "2008.06.24"]
[SourceVersion "1"]
[SourceVersionDate "2008.06.24"]
[SourceQuality "1"]

1. d4 d5 2. c4 dxc4 3. e3 e5 4. Bxc4 exd4 5. exd4 Bd6 6. Nf3 Nf6 7. 0-0 0-0 8. Nc3 Bg4 9. h3 Bc8 10. Re1 Nbd7 11. Bb3 c6 12. Qc2 Qc7 13. Bg5 a5 14. a4 Rb8 15. Ne4 Be7 16. Rad1 Qd8 17. Bf4 Ra8 18. d5 Bb4 19. dxc6 bxc6 20. Nfg5 Nd5 21. Nd6 1-0

[Event "IECG TE.2005.P.01914"]
[Site "IECG email"]
[Date "2005.06.19"]
[Round "?"]
[White "Schloegl, Dietrich"]
[Black "Grafen, Denis"]
[Result "0-1"]
[WhiteElo "1800"]
[BlackElo "2307"]
[PlyCount "62"]
[EventDate "2005.06.19"]
[EventType "tourn (corr)"]
[EventRounds "8"]
[SourceTitle "Corr 2008"]
[Source "ChessBase"]
[SourceDate "2008.06.24"]
[SourceVersion "1"]
[SourceVersionDate "2008.06.24"]
[SourceQuality "1"]

1. d4 d5 2. e4 dxe4 3. Nc3 Nf6 4. f3 exf3 5. Nxf3 g6 6. Bc4 Bg7 7. 0-0 0-0 8. Qe1 Nc6 9. Qh4 Bg4 10. d5 Na5 11. Bd3 Bxf3 12. Rxf3 Nxd5 13. Nxd5 Qxd5 14. c3 Nc6 15. Bg5 Ne5 16. Rh3 h5 17. Be4 Qe6 18. Re1 Bf6 19. Bxf6 Qxf6 20. Qg3 Ng4 21. Re2 Rfd8 22. Qe1 Rd7 23. Rf3 Qd6 24. g3 f5 25. Bc2 e5 26. Rf1 Qc5+ 27. Kg2 Qc6+ 28. Kg1 e4 29. h3 Ne5 30. Qc1 Kg7 31. Kg2 e3+ 0-1

[Event "IECG TE.2004.S.01401"]
[Site "IECG email"]
[Date "2005.05.10"]
[Round "?"]
[White "Pott, Brian"]
[Black "Grafen, Denis"]
[Result "0-1"]
[WhiteElo "1833"]
[BlackElo "2324"]
[PlyCount "71"]
[EventDate "2005.05.10"]
[EventType "tourn (corr)"]
[EventRounds "8"]
[SourceTitle "Corr 2008"]
[Source "ChessBase"]
[SourceDate "2008.06.24"]
[SourceVersion "1"]
[SourceVersionDate "2008.06.24"]
[SourceQuality "1"]

1. d4 Nf6 2. c4 e6 3. Nc3 Bb4 4. f3 d5 5. a3 Bxc3+ 6. bxc3 c5 7. cxd5 Nxd5 8. dxc5 Qa5 9. e4 Nf6 10. Be3 0-0 11. Qb3 Qc7 12. Bb5 e5 13. Ne2 Nc6 14. 0-0 Be6 15. Qa4 Na5 16. Rab1 a6 17. Bd3 Nd7 18. Qb4 Rfc8 19. c6 Nxc6 20. Qxb7 Qd6 21. Rbd1 Nc5 22. Qb1 Rab8 23. Bc2 Qe7 24. Qc1 Na5 25. Rf2 Nab3 26. Bxc5 Qxc5 27. Qg5 f6 28. Qh5 Rd8 29. f4 Rxd1+ 30. Bxd1 Nd2 31. Ng3 Kh8 32. fxe5 Rb1 33. Qe8+ Bg8 34. Qa4 fxe5 35. Qc2 Bb3 36. Qxb1 0-1

[Event "IECG CP.2003.Q.00009 email"]
[Site "IECG email"]
[Date "2005.01.15"]
[Round "?"]
[White "Baroin, Bernard"]
[Black "Grafen, Denis"]
[Result "1/2-1/2"]
[WhiteElo "2063"]
[BlackElo "2317"]
[PlyCount "60"]
[EventDate "2005.01.15"]
[EventType "tourn (corr)"]
[EventRounds "6"]
[SourceTitle "Corr 2008"]
[Source "ChessBase"]
[SourceDate "2008.06.24"]
[SourceVersion "1"]
[SourceVersionDate "2008.06.24"]
[SourceQuality "1"]

1. e4 c5 2. Nf3 d6 3. d4 cxd4 4. Nxd4 Nf6 5. Nc3 a6 6. Be3 e6 7. f3 b5 8. g4 b4 9. Nce2 Bb7 10. Qd2 d5 11. e5 Nfd7 12. f4 Nb6 13. b3 N8d7 14. Bg2 Bc5 15. Nc1 Qh4+ 16. Bf2 Qxg4 17. Rg1 Bxd4 18. Qxd4 Qf5 19. Qxb4 Qxc2 20. Ne2 a5 21. Qd2 Qxd2+ 22. Kxd2 0-0 23. Nd4 a4 24. Bf3 Ba6 25. h4 Rfc8 26. Rac1 Rab8 27. Rc6 h6 28. Rgc1 Kf8 29. h5 Rxc6 30. Rxc6 Bf1 1/2-1/2

[Event "IECG CP.2003.Q.00009 email"]
[Site "IECG email"]
[Date "2005.01.15"]
[Round "?"]
[White "Grafen, Denis"]
[Black "Case, Rick"]
[Result "1-0"]
[WhiteElo "2317"]
[BlackElo "1969"]
[PlyCount "71"]
[EventDate "2005.01.15"]
[EventType "tourn (corr)"]
[EventRounds "6"]
[SourceTitle "Corr 2008"]
[Source "ChessBase"]
[SourceDate "2008.06.24"]
[SourceVersion "1"]
[SourceVersionDate "2008.06.24"]
[SourceQuality "1"]

1. h3 e5 2. e3 g6 3. d4 e4 4. c4 Bg7 5. Nc3 f5 6. g4 Nf6 7. gxf5 gxf5 8. Nge2 d6 9. Rg1 Qe7 10. Qa4+ Kd8 11. Qb3 Rg8 12. Nf4 Qf7 13. Bd2 Nc6 14. Ncd5 a5 15. 0-0-0 a4 16. Qb5 a3 17. b3 Ne7 18. Nxe7 Kxe7 19. c5 d5 20. Be2 Bh6 21. f3 Ra6 22. Qb4 Ra7 23. c6+ Kd8 24. fxe4 fxe4 25. Rxg8+ Qxg8 26. Rf1 Qe8 27. Be1 Qxc6+ 28. Kb1 Bg5 29. Nxd5 Ne8 30. h4 Qxd5 31. hxg5 Bd7 32. Bh4 Kc8 33. Rf8 Qd6 34. Qxd6 cxd6 35. Bh5 Kc7 36. Rf7 1-0